Personnage Divergent - Statistiques

Statistiques générales
  • Ce quiz a été pris 744 fois
  • Le résultat moyen est 9 sur 33
Statistiques - réponses
Hint Réponse % Correct
Audacieux Quatre / Tobias Eaton
98%
Audacieux Tris / Béatrice Prior
95%
Audacieux Christina
69%
Audacieux Eric
52%
Audacieux Peter
51%
Audacieux Will
49%
Altruiste Marcus Eaton
45%
Audacieux Al
44%
Erudit Jeanine
42%
Erudit Caleb Prior
29%
Fraternel Johanna
27%
Audacieux Max
27%
Audacieux Tori
27%
Audacieux Molly
25%
Audacieux Edward
24%
Audacieux Uriah Pedrad
22%
Altruiste Andrew Prior
16%
Audacieux Marlene
15%
Audacieux Marlene
15%
Altruiste Natalie Prior
14%
Audacieux Ezekiel Pedrad
13%
Audacieux Lynn
12%
Audacieux Drew
10%
Sincere Jack Kang
10%
Audacieux Lauren
9%
Audacieux Shauna
9%
Audacieux Myra
6%
Edith Prior
5%
Audacieux Hector
5%
Sans-Faction Edgar
4%
Sans-Faction Evelyn Johnson-Eaton
2%
Audacieux Rita
2%
Audacieux Harrison
1%
Aucun quiz correspondant
Distribution des résultats
% des personnes avec chaque résultat
Percentile par nombre de réponses
Votre historique - résultats
Vous n’avez pas pris ce quiz